Politická ekonomie : Obecné otázky /

Guardado en:
Detalles Bibliográficos
Autor principal: Lange, Oskar (Autor)
Formato: Libro
Lenguaje:checo
Publicado: Praha : Academia, 1966
Materias:
Etiquetas: Agregar Etiqueta
Sin Etiquetas, Sea el primero en etiquetar este registro!

MARC

LEADER 00000nam a22000003a 4500
001 stu45286
005 20150617225715.0
008 960130s1966----cs------------------cze-d
040 |a STU  |b slo 
041 0 |a cze 
044 |a cs 
080 |a 330.1  |7 stu_us_auth*stu8076 
100 1 |a Lange, Oskar  |4 aut 
245 1 |a Politická ekonomie :  |b Obecné otázky /  |c [aut.]Oskar Lange 
260 |a Praha :  |b Academia,  |c 1966 
300 |a 334 s 
650 7 |a Ekonómia politická  |2 stusub 
996 |b 284M012454  |c M*5552-1  |l MMKN  |s A  |a 24  |w stu45286_0001